| 000 | 00373 a2200145 4500 | ||
|---|---|---|---|
| 001 | 65660 | ||
| 082 | _a658.5756 ULR | ||
| 090 |
_c38355 _d38355 |
||
| 100 | _aUlrich, K T. | ||
| 245 |
_aProduct Design and Development, 2nd ED _borigional copy |
||
| 250 | _a2 | ||
| 260 |
_aboston _bMcGraw-Hill, Boston _c2000 |
||
| 300 | _axxvi, 358 p | ||
| 500 | _aBE textbook IE dept | ||
| 942 |
_aNUST-CAE _k658.5756 ULR |
||
| 999 |
_c300733 _d300733 |
||